Normal view
MARC view
- نقل جوي -- قوانيين وانظمة -- طيران -- قوانيين وانظمة
Entry Topical Term
001 - CONTROL NUMBER
- control field: 51100
003 - CONTROL NUMBER IDENTIFIER
- control field: JO-AjAnu
005 - DATE AND TIME OF LATEST TRANSACTION
- control field: 20230606082417.0
008 - FIXED-LENGTH DATA ELEMENTS
- fixed length control field: 230606|| aca||aabn | a|a d
040 ## - CATALOGING SOURCE
- Original cataloging agency: JO-AjAnu
- Transcribing agency: JO-AjAnu
150 ## - HEADING--TOPICAL TERM
- Topical term or geographic name entry element: نقل جوي -- قوانيين وانظمة -- طيران -- قوانيين وانظمة
670 ## - SOURCE DATA FOUND
- Source citation: Work cat.: (JO-AjAnu)26118: الفقي ، عاطف محمد , author 51099, تطور مسئولية الناقل الجوي وفقا لإتفاقية مونتريال 1999